The 90-minute manager : business lessons from dugout /

Bibliographic Details
Main Author: Bolchover, David
Other Authors: Brady, Chris
Format: Book
Published: London: Prentice-Hall, 2002.
Subjects:
LEADER 00654cam a2200229 7i4500
001 0000016831
005 20151104090000.0
005 ##20151104120400.0
003 ##MY-KlINT
020 # # |a 0273656139  
039 # 9 |y 201511041204  |z VLOAD 
090 0 0 |a 796.3342077   |b BOL 
100 1 # |a Bolchover, David 
245 1 4 |a The 90-minute manager :   |b business lessons from dugout /   |c David Bolchover & Chris Brady. 
260 # # |a London:   |b Prentice-Hall,   |c 2002. 
300 # # |a 296 p.. 
650 # 0 |a Management  
650 # 0 |a Success in business  
650 # 0 |a Soccer managers  
650 # 0 |a Soccer --   |x Management  
700 0 # |a Brady, Chris  
745 1 # |a Ninty minute minute manager